000 00339nam a2200145Ia 4500
008 191201s2008 xx 000 0 und d
082 _a621.38
_bKEE
100 _aDAVIS, Bernard
245 0 _aElectronic Communication Systems
250 _a4
260 _aN.Delhi
_bTMH
_c2008
300 _a763
650 _aB.Tech(ECE)
942 _2ddc
_cBK
999 _c3462
_d3462